[Event "Doeberl Cup 49th"]
[Site "Canberra"]
[Date "2011.04.23"]
[Round "5"]
[White "Dowden, R Anthony"]
[Black "Cheng, Bobby Sky"]
[Result "0-1"]
[WhiteElo "2120"]
[BlackElo "2345"]
[PlyCount "76"]
[EventDate "2011.04.21"]
[EventType "swiss"]
[EventRounds "9"]
[EventCountry "AUS"]
[SourceTitle "CBM 141 Extra"]
[Source "ChessBase"]
[SourceDate "2011.05.03"]
[SourceVersion "1"]
[SourceVersionDate "2011.05.03"]
[SourceQuality "1"]

1. c4 b6 2. e4 Bb7 3. Nc3 e6 4. Nge2 c5 5. g3 Qc7 6. Bg2 a6 7. 0-0 Nf6 8. d4 cxd4 9. Nxd4 d6 10. Be3 Nbd7 11. Re1 Be7 12. Rc1 Rc8 13. b3 0-0 14. f4 Qb8 15. Bf2 Qa8 16. g4 g6 17. Qe2 Rfe8 18. g5 Nh5 19. Qg4 Bf8 20. Na4 Bg7 21. Rcd1 Rc7 22. f5 Ne5 23. Qh4 exf5 24. Nxb6 Qb8 25. Nd5 Bxd5 26. exd5 f4 27. Nf5 Bf8 28. Bd4 Qc8 29. Bxe5 Qxf5 30. Bh3 Qc2 31. Bxf4 Rxe1+ 32. Rxe1 Qxa2 33. Re3 Qa1+ 34. Kg2 Qd4 35. Kf3 Re7 36. Rxe7 Bxe7 37. Qg4 Qd1+ 38. Ke4 f5+ 0-1

[Event "Doeberl Cup 49th"]
[Site "Canberra"]
[Date "2011.04.21"]
[Round "2"]
[White "Kerr, Bill"]
[Black "Dowden, R Anthony"]
[Result "0-1"]
[WhiteElo "1940"]
[BlackElo "2120"]
[PlyCount "168"]
[EventDate "2011.04.21"]
[EventType "swiss"]
[EventRounds "9"]
[EventCountry "AUS"]
[SourceTitle "CBM 141 Extra"]
[Source "ChessBase"]
[SourceDate "2011.05.03"]
[SourceVersion "1"]
[SourceVersionDate "2011.05.03"]
[SourceQuality "1"]

1. Nf3 e6 2. g3 b6 3. Bg2 Bb7 4. 0-0 c5 5. d3 Nf6 6. e4 d5 7. Nfd2 Be7 8. Nc3 d4 9. Ne2 Nc6 10. a4 Qc7 11. Nc4 h5 12. h3 Rd8 13. Bg5 a6 14. f4 Nh7 15. Bxe7 Nxe7 16. Bf3 Nf6 17. Qe1 Nc6 18. e5 Nd5 19. Bxd5 Rxd5 20. Nd6+ Rxd6 21. exd6 Qxd6 22. c3 Ne7 23. Kh2 dxc3 24. Nxc3 Nf5 25. Qe5 Qc6 26. Ne4 Ke7 27. b4 Rd8 28. Rfd1 f6 29. Qc3 h4 30. g4 Nd4 31. bxc5 f5 32. gxf5 exf5 33. cxb6 fxe4 34. Qxc6 Bxc6 35. dxe4 Bxe4 36. a5 Kf6 37. Kg1 Bf3 38. Rf1 Kf5 39. Kf2 Re8 40. Rae1 Be4 41. Rd1 Nb3 42. Rg1 Rc8 43. Rxg7 Rc2+ 44. Ke1 Nc5 45. Rc7 Kxf4 46. Rd2 Rxd2 47. Kxd2 Nb3+ 48. Ke2 Nxa5 49. Ra7 Bb7 50. Kf2 Ke4 51. Ke2 Kd4 52. Kf2 Kc5 53. Ke3 Kxb6 54. Rxa6+ Bxa6 55. Kf4 Kc5 56. Kg4 Kd6 57. Kxh4 Ke7 58. Kg5 Kf8 59. Kf6 Kg8 60. h4 Kh7 61. h5 Bd3 62. h6 Nc4 63. Kf7 Kxh6 64. Kf6 Be4 65. Kf7 Kg5 66. Kg7 Ne5 67. Kg8 Kf6 68. Kf8 Bd5 69. Ke8 Bf7+ 70. Kd8 Nc4 71. Kc7 Be8 72. Kd8 Bb5 73. Kc8 Ke6 74. Kd8 Kd6 75. Kc8 Nb6+ 76. Kd8 Nd5 77. Kc8 Ke7 78. Kb8 Kd7 79. Kb7 Bd3 80. Kb8 Ba6 81. Ka7 Bc8 82. Kb8 Kd8 83. Ka8 Kc7 84. Ka7 Ne7 0-1